LIBRARY & INFORMATION CENTRE, KCAET, TAVANUR

ONLINE PUBLIC ACCESS CATALOGUE (OPAC)

Adonis and the alphabet: and other essays (Record no. 16191)

MARC details
000 -LEADER
fixed length control field 00237nam a22000977a 4500
003 - CONTROL NUMBER IDENTIFIER
control field OSt
008 - FIXED-LENGTH DATA ELEMENTS--GENERAL INFORMATION
fixed length control field 200617b ||||| |||| 00| 0 eng d
100 ## - MAIN ENTRY--AUTHOR NAME
Personal name Aldous Huxley
245 ## - TITLE STATEMENT
Title Adonis and the alphabet: and other essays
942 ## - ADDED ENTRY ELEMENTS (KOHA)
Koha item type Books
Holdings
Withdrawn status Lost status Damaged status Home library Current library Date acquired Accession Number Koha item type Public note
Withdrawn     KAUAET Sanskrit University 17/06/2020 7124 Books Transferred to Sanskrit University
free website counter